[Event "ESP-ch U18"]
[Site "Padron"]
[Date "2011.07.30"]
[Round "8"]
[White "Sevilla Subiza, Javier"]
[Black "Gil Quilez, David"]
[Result "0-1"]
[WhiteElo "1918"]
[BlackElo "2182"]
[PlyCount "50"]
[EventDate "2011.07.25"]
[EventType "tourn"]
[EventRounds "9"]
[EventCountry "ESP"]
[SourceTitle "EXT 2012"]
[Source "ChessBase"]
[SourceDate "2011.11.24"]
[SourceVersion "1"]
[SourceVersionDate "2011.11.24"]
[SourceQuality "1"]

1. d4 f5 2. e4 fxe4 3. Nc3 Nf6 4. Bg5 c6 5. Bxf6 exf6 6. d5 Qb6 7. Qd2 Bc5 8. Nxe4 Qxb2 9. Rd1 Qe5 10. Qe2 0-0 11. Nxc5 Qc3+ 12. Qd2 Qxc5 13. d6 Re8+ 14. Be2 b6 15. Kf1 Ba6 16. g3 Bc4 17. Kg2 Bxa2 18. Re1 Qd5+ 19. Nf3 Re6 20. Qxd5 Bxd5 21. c4 Be4 22. c5 bxc5 23. Bc4 Bd5 24. Rxe6 dxe6 25. Bxd5 cxd5 0-1

[Event "Almansa op 5th"]
[Site "Almansa"]
[Date "2010.08.10"]
[Round "3"]
[White "Castella Garcia, Fausto"]
[Black "Gil Quilez, David"]
[Result "1-0"]
[WhiteElo "2334"]
[BlackElo "2133"]
[PlyCount "57"]
[EventDate "2010.08.09"]
[EventType "swiss"]
[EventRounds "9"]
[EventCountry "ESP"]
[SourceTitle "EXT 2011"]
[Source "ChessBase"]
[SourceDate "2010.11.26"]
[SourceVersion "1"]
[SourceVersionDate "2010.11.26"]
[SourceQuality "1"]

1. e4 e5 2. Nf3 Nc6 3. Bb5 a6 4. Ba4 Nf6 5. d4 exd4 6. 0-0 Be7 7. Re1 0-0 8. e5 Ne8 9. c3 dxc3 10. Nxc3 d6 11. exd6 Bxd6 12. Bg5 f6 13. Bh4 Kh8 14. Nd5 Bf5 15. Rc1 Nb4 16. Ne3 Bd7 17. Bb3 Nc6 18. Bc2 Qc8 19. a3 Be6 20. Qd3 g6 21. Qc3 Kg7 22. Rcd1 Bg8 23. Nd5 Qd7 24. Rxe8 Bxd5 25. Rxa8 Rxa8 26. Qxf6+ Kg8 27. Rxd5 Bxh2+ 28. Nxh2 Qxd5 29. Ng4 1-0

[Event "ESP-ch U18"]
[Site "Linares"]
[Date "2010.07.31"]
[Round "8"]
[White "Herrera Delgado, Alejandro"]
[Black "Gil Quilez, David"]
[Result "1/2-1/2"]
[WhiteElo "2316"]
[BlackElo "2133"]
[PlyCount "121"]
[EventDate "2010.07.26"]
[EventType "swiss"]
[EventRounds "9"]
[EventCountry "ESP"]
[SourceTitle "CBM 137 Extra"]
[Source "ChessBase"]
[SourceDate "2010.09.01"]
[SourceVersion "1"]
[SourceVersionDate "2010.09.01"]
[SourceQuality "1"]

1. e4 e5 2. Nf3 Nc6 3. Bb5 a6 4. Ba4 Nf6 5. 0-0 Be7 6. Bxc6 dxc6 7. Qe1 Be6 8. b3 Bg4 9. Nxe5 Qd4 10. Nc4 Qxa1 11. Bb2 Qxa2 12. Nc3 Qxb2 13. Nxb2 0-0-0 14. Qe3 Kb8 15. Ra1 Bc8 16. f3 c5 17. Nd3 Rhe8 18. Nxc5 b6 19. Nd3 Bb7 20. Kh1 Nd7 21. Qf2 Bf6 22. Rd1 Nf8 23. Nd5 Bxd5 24. exd5 Rxd5 25. Nb4 Rb5 26. c3 a5 27. Qf1 Rh5 28. Qa6 axb4 29. cxb4 Rhe5 30. g3 h5 31. Ra1 Re1+ 32. Rxe1 Rxe1+ 33. Kg2 h4 34. Qb5 hxg3 35. hxg3 Ng6 36. f4 Re4 37. Kf3 Re1 38. Qd5 Re7 39. b5 Re6 40. d3 Ne7 41. Qd7 Rd6 42. Qe8+ Nc8 43. Qxf7 Rxd3+ 44. Kg2 Nd6 45. Qe6 Rd4 46. Kf3 Rb4 47. g4 Rxb5 48. g5 Bxg5 49. fxg5 Rxg5 50. Ke2 Rg2+ 51. Kd3 Rg5 52. Kd4 Rc5 53. Kd3 g5 54. b4 Rb5 55. Kc3 Rf5 56. Kd3 Kb7 57. Qg8 Rf3+ 58. Kc2 Rf5 59. Kd3 Rf3+ 60. Kd2 Rf5 61. Kd3 1/2-1/2

[Event "ESP-ch U18"]
[Site "Linares"]
[Date "2010.07.30"]
[Round "7"]
[White "Gil Quilez, David"]
[Black "Vazquez Torres, Adrian"]
[Result "0-1"]
[WhiteElo "2133"]
[BlackElo "2210"]
[PlyCount "120"]
[EventDate "2010.07.26"]
[EventType "swiss"]
[EventRounds "9"]
[EventCountry "ESP"]
[SourceTitle "CBM 137 Extra"]
[Source "ChessBase"]
[SourceDate "2010.09.01"]
[SourceVersion "1"]
[SourceVersionDate "2010.09.01"]
[SourceQuality "1"]

1. e4 c5 2. Nf3 e6 3. d4 cxd4 4. Nxd4 a6 5. Nc3 Qc7 6. Be2 Nf6 7. 0-0 Nc6 8. Be3 b5 9. Nxc6 dxc6 10. f4 Bb7 11. e5 Nd5 12. Nxd5 cxd5 13. c3 Be7 14. Bd4 0-0 15. Bd3 f5 16. exf6 Bxf6 17. Qh5 g6 18. Qg4 Rae8 19. Rf3 Bxd4+ 20. cxd4 Qg7 21. Kh1 Rf7 22. Re1 Qxd4 23. Rxe6 Rxe6 24. Qxe6 Qxb2 25. f5 Qa1+ 26. Rf1 Qf6 27. Qe8+ Kg7 28. h3 Re7 29. Qb8 g5 30. Rc1 Kf7 31. Qg3 h6 32. Qg4 Kg7 33. Qg3 d4 34. Rc7 Bd5 35. a3 Qf7 36. Rc8 Qf6 37. Rc7 Bf7 38. Rxe7 Qxe7 39. Qf3 Qe1+ 40. Kh2 Qe5+ 41. Kg1 Bd5 42. Qh5 Qe3+ 43. Kh2 Qf4+ 44. Kg1 Bf7 45. Qe2 Kf6 46. Qc2 Qe3+ 47. Kh2 Qe5+ 48. Kg1 Qe1+ 49. Kh2 Qc3 50. Kg1 Qxc2 51. Bxc2 Bc4 52. g4 d3 53. Bd1 a5 54. Kf2 b4 55. axb4 axb4 56. Ke3 b3 57. Bxb3 Bxb3 58. Kxd3 Ke5 59. Ke3 Bd5 60. Kf2 Kf4 0-1

[Event "ESP-ch U18"]
[Site "Linares"]
[Date "2010.07.28"]
[Round "5"]
[White "Gil Quilez, David"]
[Black "Cruz Lledo, Pablo"]
[Result "1-0"]
[WhiteElo "2133"]
[BlackElo "2239"]
[PlyCount "103"]
[EventDate "2010.07.26"]
[EventType "swiss"]
[EventRounds "9"]
[EventCountry "ESP"]
[SourceTitle "CBM 137 Extra"]
[Source "ChessBase"]
[SourceDate "2010.09.01"]
[SourceVersion "1"]
[SourceVersionDate "2010.09.01"]
[SourceQuality "1"]

1. e4 c6 2. d4 d5 3. Nc3 dxe4 4. Nxe4 Bf5 5. Ng3 Bg6 6. h4 h6 7. Nf3 Nd7 8. h5 Bh7 9. Bd3 Bxd3 10. Qxd3 e6 11. Bf4 Qa5+ 12. Bd2 Bb4 13. c3 Be7 14. c4 Qc7 15. 0-0-0 Ngf6 16. Kb1 0-0-0 17. Ne4 Nc5 18. Nxc5 Bxc5 19. Bc3 Ng4 20. Qe2 Be7 21. Ne5 Nxe5 22. dxe5 Rxd1+ 23. Rxd1 Rd8 24. Kc2 Bc5 25. Rxd8+ Qxd8 26. Qg4 Qh8 27. f3 Qh7+ 28. Qe4 Qxe4+ 29. fxe4 Bf2 30. Kd3 Bg3 31. Ke3 c5 32. Kf3 Bh4 33. Bd2 Kd7 34. g3 Bd8 35. g4 Kc6 36. a4 Bc7 37. Bc3 Kb6 38. g5 hxg5 39. Kg4 Bd8 40. Bd2 Ka6 41. Bxg5 Ba5 42. Bf6 Bd2 43. Bxg7 Ka5 44. h6 Bxh6 45. Bxh6 Kxa4 46. Kg5 Kb3 47. Kf6 Kxb2 48. Kxf7 a5 49. Kxe6 a4 50. Kd5 a3 51. e6 a2 52. Bg7+ 1-0